Normal view
MARC view
- Electronic and Power Engineering - MS Theses.
Entry Topical Term
001 - CONTROL NUMBER
- control field: 30349
003 - CONTROL NUMBER IDENTIFIER
- control field: NUST
005 - DATE AND TIME OF LATEST TRANSACTION
- control field: 20200921102232.0
008 - FIXED-LENGTH DATA ELEMENTS
- fixed length control field: 200921|| aca||aabn | a|a d
040 ## - CATALOGING SOURCE
- Original cataloging agency: NUST
- Transcribing agency: NUST
150 ## - HEADING--TOPICAL TERM
- Topical term or geographic name entry element: Electronic and Power Engineering - MS Theses.
670 ## - SOURCE DATA FOUND
- Source citation: Work cat.: (NUST): Sardar, Saad 30348, Autonomous Control of a Quadcopter via Fuzzy Gain Scheduled PD Control /, 2014.
